01158cam a22002771 4500001001300000003000400013005001700017008004100034010002300075040003800098043001200136050002300148051002700171100003500198245014000233260004800373300010000421490005300521504003000574650004400604650005300648650005500701740006700756830004000823999001700863gs 62000159 DLC20260227111411.0770317s1961 dcuabf b f00010 eng c ags 62000159 //r892 aU.S. Geol. Survey. Libr.cakdDLC an-us-ak0 aQE75b.B9 no. 1090 aTN403.A63bW3cCopy 2.10aWarner, Lawrence Allen,d1914-00aIron and copper deposits of Kasaan Peninsula, Prince of Wales Island, southeastern Alaska,cby L. A. Warner, E. N. Goddard, and others.0 aWashington,bU.S. Govt. Print. Off.,c1961. avii, 136 p.billus., maps, diagrs., tables. and portfolio (24 fold. plates (part col.))c25 cm.1 aUnited States. Geological Survey. Bulletinv1090 aBibliography: p. 132-133. 0aOre depositszAlaskazKasaan Peninsula. 0aIron mines and miningzAlaskazKasaan Peninsula. 0aCopper mines and miningzAlaskazKasaan Peninsula. 1aKasaan Peninsula, Prince of Wales Island, southeastern Alaska. 0aGeological Survey bulletin ;v1090. c29605d29605